| 000 | 00432nam a2200157 i 4500 | ||
|---|---|---|---|
| 001 | 58908 | ||
| 003 | ES-MaACL | ||
| 005 | 20230906163922.0 | ||
| 007 | t| | ||
| 008 | 031024s1958 sp ||||1| spa d | ||
| 100 | 1 |
_aEcheverri Mejía, Óscar. _946568 |
|
| 245 | 1 | 0 |
_aViaje a la niebla / _cOscar Echeverri Mejía. |
| 260 |
_aMadrid : _bAgora, _c[1958] |
||
| 300 |
_a61 p., 1 lám. ; _c21 cm. |
||
| 852 |
_aES-MaACL _j2005-F-7 _bR.42007 |
||
| 999 |
_c58908 _d58908 |
||